Lana Del Rey - Chansons de Did you know that there's a tunnel under Oc - Statistiques

Statistiques générales
  • Ce quiz a été pris 6 fois
  • Le résultat moyen est 13 sur 16
Statistiques - réponses
Hint Réponse % Correct
Did you know that there's a tunnel under Ocean Blvd 2 Did you know that there's a tunnel under Ocean Blvd
100%
Did you know that there's a tunnel under Ocean Blvd2 9 Fingertips
100%
Did you know that there's a tunnel under Ocean Blvd2 12 Let The Light In (feat. Father John Misty)
100%
Did you know that there's a tunnel under Ocean Blvd2 13 Margaret (feat. Bleachers)
100%
Did you know that there's a tunnel under Ocean Blvd 1 The Grants
100%
Did you know that there's a tunnel under Ocean Blvd 4 A&W
80%
Did you know that there's a tunnel under Ocean Blvd 6 Candy Necklace (feat. Jon Batiste)
80%
Did you know that there's a tunnel under Ocean Blvd2 14 Fishtail
80%
Did you know that there's a tunnel under Ocean Blvd2 11 Grandfather please stand on the shoulders of my father while he's deep-sea fishing
80%
Did you know that there's a tunnel under Ocean Blvd 8 Kintsugi
80%
Did you know that there's a tunnel under Ocean Blvd2 10 Paris, Texas (feat. SYML)
80%
Did you know that there's a tunnel under Ocean Blvd2 15 Peppers (feat. Tommy Genesis)
80%
Did you know that there's a tunnel under Ocean Blvd 3 Sweet
80%
Did you know that there's a tunnel under Ocean Blvd2 16 Taco Truck x VB
80%
Did you know that there's a tunnel under Ocean Blvd 7 Jon Batiste Interlude
60%
Did you know that there's a tunnel under Ocean Blvd 5 Judah Smith Interlude
60%
Aucun quiz correspondant
Distribution des résultats
% des personnes avec chaque résultat
Percentile par nombre de réponses
Votre historique - résultats
Vous n’avez pas pris ce quiz